| 000 | 00376nam a22001457a 4500 | ||
|---|---|---|---|
| 003 | OSt | ||
| 005 | 20211119153940.0 | ||
| 008 | 211119b |||||||| |||| 00| 0 eng d | ||
| 040 |
_aHU _cDDC |
||
| 082 | _a342.03/DHA | ||
| 245 | _aNEED TO AMEND A CONSTITUTION AND DOCTRINE OF BASIC FEATURES | ||
| 260 |
_aNEW DELHI _bWADHWA _c2007 |
||
| 300 | _a551P,32CM | ||
| 942 |
_2ddc _cBOOKS _n0 |
||
| 999 |
_c19316 _d19316 |
||